Diálogos con Leuco

Kaydedildi:
Detaylı Bibliyografya
Yazar: Pavese, Cesare (autor)
Materyal Türü: Kitap
Dil:İspanyolca
Baskı/Yayın Bilgisi: Buenos Aires Siglo Veinte 1976
Konular:
Etiketler: Etiketle
Etiket eklenmemiş, İlk siz ekleyin!

MARC

LEADER 00000nam a2200000 a 4500
001 UCY1803
003 CL-VaPUC
008 940921e19760000AG |||||||||||||||||spa|d
082 0 4 |a 852.09  |b PAV  |2 21 
100 |a Pavese, Cesare  |e autor  |9 326600 
245 1 0 |a Diálogos con Leuco 
300 |a 175 p 
942 |c BK 
945 |d 19940921 00:00:00  |a oaravena 
260 |a Buenos Aires  |b Siglo Veinte  |c 1976 
650 7 |a DRAMAS ITALIANOS  |2 CL-VaPUC  |9 329819 
650 0 |a Crítica e interpretación   |9 255042 
583 |a last modification  |c 19940921 00:00:00  |k Rodrigo Vera 
999 |c 230394  |d 230392 
952 |0 0  |1 0  |4 0  |6 852_090000000000000_PAV_1976  |7 0  |8 P  |9 232620  |a BIBARQ  |b BIBARQ  |d 2019-11-15  |i 3017419  |o 852.09 PAV 1976  |p 3017419  |r 2025-01-20  |w 2019-11-15  |y BK  |k ARQ 
952 |0 0  |1 0  |4 0  |6 852_090000000000000_PAV_1976  |7 0  |8 A  |9 232621  |a BIBART  |b BIBART  |d 2019-11-15  |i 4202902  |o 852.09 PAV 1976  |p 4202902  |r 2025-03-13  |w 2019-11-15  |y BK  |k ART